<?xml version="1.0" encoding="UTF-8"?>
<record
    xmlns:xsi="http://www.w3.org/2001/XMLSchema-instance"
    xsi:schemaLocation="http://www.loc.gov/MARC21/slim http://www.loc.gov/standards/marcxml/schema/MARC21slim.xsd"
    xmlns="http://www.loc.gov/MARC21/slim">

  <leader>00908nam a2200217 a 4500</leader>
  <controlfield tag="001">77738</controlfield>
  <controlfield tag="003">BD-RjUL</controlfield>
  <controlfield tag="005">20211209083022.0</controlfield>
  <controlfield tag="008">210104s2011    bg ||||| |||| 00| 0 ben d</controlfield>
  <datafield tag="035" ind1=" " ind2=" ">
    <subfield code="a">(BD-RjUL)77964</subfield>
  </datafield>
  <datafield tag="040" ind1=" " ind2=" ">
    <subfield code="a">BD-RjUL</subfield>
    <subfield code="b">eng</subfield>
    <subfield code="c">BD-RjUL</subfield>
  </datafield>
  <datafield tag="041" ind1=" " ind2=" ">
    <subfield code="a">ben</subfield>
  </datafield>
  <datafield tag="082" ind1=" " ind2=" ">
    <subfield code="2">23</subfield>
    <subfield code="a">378.5492409</subfield>
    <subfield code="b">SMA 2011</subfield>
  </datafield>
  <datafield tag="245" ind1="0" ind2="0">
    <subfield code="a">&#x9B8;&#x9CD;&#x9AE;&#x9BE;&#x9B0;&#x995; &#x997;&#x9CD;&#x9B0;&#x9A8;&#x9CD;&#x9A5; /</subfield>
    <subfield code="c">&#x9B8;&#x9B0;&#x995;&#x9BE;&#x9B0;&#x9BF; &#x986;&#x99C;&#x9BF;&#x99C;&#x9C1;&#x9B2; &#x9B9;&#x995; &#x995;&#x9B2;&#x9C7;&#x99C; /</subfield>
  </datafield>
  <datafield tag="260" ind1=" " ind2=" ">
    <subfield code="a">&#x9AC;&#x997;&#x9C1;&#x9A1;&#x9BC;&#x9BE; :</subfield>
    <subfield code="b">&#x9B8;&#x9B0;&#x995;&#x9BE;&#x9B0;&#x9BF; &#x986;&#x99C;&#x9BF;&#x99C;&#x9C1;&#x9B2; &#x9B9;&#x995; &#x995;&#x9B2;&#x9C7;&#x99C;,</subfield>
    <subfield code="c">&#x9E8;&#x9E6;&#x9E7;&#x9E7;</subfield>
  </datafield>
  <datafield tag="300" ind1=" " ind2=" ">
    <subfield code="a">&#x9EB;&#x9E6;&#x9E7; &#x9AA;&#x9C3;.:</subfield>
    <subfield code="b">&#x99A;&#x9BF;&#x9A4;&#x9CD;&#x9B0;;</subfield>
    <subfield code="c">&#x9E8;&#x9EA; &#x9B8;&#x9C7;&#x9AE;&#x9BF;.</subfield>
  </datafield>
  <datafield tag="650" ind1=" " ind2=" ">
    <subfield code="a">&#x995;&#x9B2;&#x9C7;&#x99C; (&#x9B8;&#x9B0;&#x995;&#x9BE;&#x9B0;&#x9BF; &#x986;&#x99C;&#x9BF;&#x99C;&#x9C1;&#x9B2; &#x9B9;&#x995; &#x995;&#x9B2;&#x9C7;&#x99C;)</subfield>
    <subfield code="x">&#x987;&#x9A4;&#x9BF;&#x9B9;&#x9BE;&#x9B8;</subfield>
    <subfield code="9">243226</subfield>
  </datafield>
  <datafield tag="650" ind1=" " ind2=" ">
    <subfield code="a">College (Government Azizul Haque College)</subfield>
    <subfield code="x">History</subfield>
    <subfield code="9">243227</subfield>
  </datafield>
  <datafield tag="710" ind1=" " ind2=" ">
    <subfield code="a">&#x9B8;&#x9B0;&#x995;&#x9BE;&#x9B0;&#x9BF; &#x986;&#x99C;&#x9BF;&#x99C;&#x9C1;&#x9B2; &#x9B9;&#x995; &#x995;&#x9B2;&#x9C7;&#x99C; </subfield>
    <subfield code="9">243228</subfield>
  </datafield>
  <datafield tag="942" ind1=" " ind2=" ">
    <subfield code="2">ddc</subfield>
    <subfield code="c">BK</subfield>
  </datafield>
  <datafield tag="999" ind1=" " ind2=" ">
    <subfield code="c">77738</subfield>
    <subfield code="d">77738</subfield>
  </datafield>
  <datafield tag="952" ind1=" " ind2=" ">
    <subfield code="0">0</subfield>
    <subfield code="1">0</subfield>
    <subfield code="2">ddc</subfield>
    <subfield code="4">0</subfield>
    <subfield code="7">1</subfield>
    <subfield code="8">NFIC</subfield>
    <subfield code="a">RUCL</subfield>
    <subfield code="b">RUCL</subfield>
    <subfield code="c">Reading</subfield>
    <subfield code="d">2012-03-31</subfield>
    <subfield code="e">Government Azizul Haque College </subfield>
    <subfield code="l">0</subfield>
    <subfield code="o">B 378.5492409 SMA 2011</subfield>
    <subfield code="r">2021-01-04 00:00:00</subfield>
    <subfield code="t">C-1</subfield>
    <subfield code="w">2021-01-04</subfield>
    <subfield code="y">BK</subfield>
  </datafield>
</record>
